000 00526cam a2200205ua 4500
001 10030
008 170321n ii |||gr||||Z||||||eng
020 _a9788186307489
040 _cMAIN
041 _aeng
082 _a302.2
100 _aDutta, Ankuran,
_eAuthor.
245 _aScience communication in Assam
_cBy Ankuran Dutta and Anamika Ray
250 _a1st ed.
260 _aGuwahati:
_bDVS publishers,
_c2011.
300 _a288p.
653 _aSocial interaction
700 _aRay, Anamika,
_eAuthor.
942 _cBK
999 _c9029
_d9029